00749nam a2200193 a 450000100100000000500170001000800410002702000150006804000250008308200150010810000320012324500320015526000540018730000370024150400320027895201140031095201140042499900170053800004458820201002045501.0140718s1992 nyuaf 000 0 spa d a0671456547 aDO-SdBNPbspacBNPHU axxxxbxxxx1 aMcCullough, David G.97261810aTruman /cDavid McCullough. aNew York :bTouchstone,bSimon & Schuster,c1992. a1117 p. :bil, làms. ;c24 cm. aBibliography : p. 1058-1082 0010507-18MOaGRbGRcOId2014-07-18iLF1l0oxxxx xxxxp44588-10r2020-06-25w2020-06-25y1ZNo se presta 0010507-18MOaGRbGRcOId2014-07-18iLF1l0oxxxx xxxxp44589-10r2020-06-25w2020-06-25y1ZNo se presta c44077d44077